| 000 | 00544 a2200169 4500 | ||
|---|---|---|---|
| 003 | OSt | ||
| 005 | 20231122151055.0 | ||
| 008 | 231122b |||||||| |||| 00| 0 eng d | ||
| 020 | _a9789357013367 | ||
| 040 | _coclc | ||
| 082 |
_a540 _bGUP/N |
||
| 100 |
_aGupta, Preeti _98445 |
||
| 245 |
_aNTA CSIR UGC NET/SET (JRF & Lecturership) Chemical Sciences / _cPreeti Gupta, Dr. Aditya Tomar, Dr. Naveen Sharma |
||
| 260 |
_aNew Delhi: _bArihant Publications, |
||
| 300 | _a1364p | ||
| 942 |
_2ddc _cBK _h540 _iGUP/N _k540 _mGUP/N |
||
| 999 |
_c41850 _d41850 |
||